000 00710nam a2200205Ii 4500
003 JO-AjNU
008 230605s9999||||xx |||||||||||||| ||und||
040 _aJO-AjNU
_bara
_erda
_cJO-AjNU
041 _aara
050 1 4 _aPJ6575.Z3434 2008
100 3 _aزايد، فهد خليل,
_eauthor
_911750
245 0 0 _aموسوعة الأسماء: أحسن الأسماء في تسمية الأبناء
250 _aط1
264 3 1 _aعمان: دار النفائس للنشر والتوزيع، 2008
300 _a295ص
336 _atext
_btxt
_2rdacontent
337 _aunmediated
_bn
_2rdamedia
338 _avolume
_bnc
_2rdacarrier
650 4 _aاللغة العربية - موسوعات - أسماء
_911751
999 _aA2485
_c6053
_d6053